[Event "Rapid Tournament (RAP)"]
[Site "Biel, CH"]
[Date "2025.07.13"]
[Round "5"]
[White "Aznar, Benjamin"]
[Black "Hornung, Hans, Dr."]
[Result "0-1"]
[Board "34"]
[WhiteFideId "1351303"]
[BlackFideId "4615140"]
[WhiteElo "1790"]
[BlackElo "2052"]
[WhiteTeam "SUI"]
[BlackTeam "GER"]
[WhiteClock "0:00:03"]
[BlackClock "0:00:30"]
[Variant "Standard"]

1. c4 {[%clk 0:15:08]}  Nf6 {[%clk 0:15:08]} 2. Nc3 {[%clk 0:15:11]}  c5 {[%clk 0:15:11]} 3. g3 {[%clk 0:15:13]}  e6 {[%clk 0:15:14]} 4. e4 {[%clk 0:15:10]}  Nc6 {[%clk 0:15:07]} 5. Bg2 {[%clk 0:15:11]}  d5 {[%clk 0:15:05]} 6. cxd5 {[%clk 0:14:45]}  exd5 {[%clk 0:15:07]} 7. exd5 {[%clk 0:14:42]}  Nb4 {[%clk 0:15:04]} 8. d4 {[%clk 0:14:09]}  cxd4 {[%clk 0:14:40]} 9. Nce2 {[%clk 0:12:41]}  d3 {[%clk 0:13:15]} 10. Nd4 {[%clk 0:12:04]}  Bc5 {[%clk 0:12:24]} 11. Ngf3 {[%clk 0:11:39]}  Qe7+ {[%clk 0:09:35]} 12. Be3 {[%clk 0:11:34]}  Nfxd5 {[%clk 0:06:13]} 13. O-O {[%clk 0:09:50]}  Nxe3 {[%clk 0:08:00]} 14. fxe3 {[%clk 0:09:09]}  Qxe3+ {[%clk 0:08:02]} 15. Kh1 {[%clk 0:09:13]}  O-O {[%clk 0:07:43]} 16. Re1 {[%clk 0:08:23]}  Qh6 {[%clk 0:07:16]} 17. a3 {[%clk 0:07:59]}  d2 {[%clk 0:05:57]} 18. Re2 {[%clk 0:06:53]}  Nd5 {[%clk 0:04:09]} 19. Qxd2 {[%clk 0:06:31]}  Qxd2 {[%clk 0:03:31]} 20. Rxd2 {[%clk 0:06:35]}  Nf6 {[%clk 0:03:16]} 21. b4 {[%clk 0:06:12]}  Bb6 {[%clk 0:03:14]} 22. Nb3 {[%clk 0:05:38]}  Bg4 {[%clk 0:02:41]} 23. h3 {[%clk 0:05:19]}  Bh5 {[%clk 0:02:47]} 24. Nc5 {[%clk 0:04:36]}  a5 {[%clk 0:02:40]} 25. Na4 {[%clk 0:03:13]}  Bc7 {[%clk 0:02:10]} 26. g4 {[%clk 0:02:31]}  Bg6 {[%clk 0:02:11]} 27. b5 {[%clk 0:02:20]}  Rad8 {[%clk 0:01:31]} 28. Rad1 {[%clk 0:02:17]}  Ne4 {[%clk 0:01:18]} 29. Rxd8 {[%clk 0:01:36]}  Rxd8 {[%clk 0:01:20]} 30. Rxd8+ {[%clk 0:01:39]}  Bxd8 {[%clk 0:01:22]} 31. Kg1 {[%clk 0:01:13]}  Nd6 {[%clk 0:01:20]} 32. Bf1 {[%clk 0:00:59]}  Bf6 {[%clk 0:01:12]} 33. Kf2 {[%clk 0:00:27]}  Kf8 {[%clk 0:01:03]} 34. Ke3 {[%clk 0:00:25]}  h6 {[%clk 0:00:54]} 35. Bd3 {[%clk 0:00:06]}  Bxd3 {[%clk 0:00:40]} 36. Kxd3 {[%clk 0:00:10]}  Nxb5 {[%clk 0:00:37]} 37. Nc5 {[%clk 0:00:13]}  b6 {[%clk 0:00:34]} 38. Nd7+ {[%clk 0:00:16]}  Ke7 {[%clk 0:00:37]} 39. Nxf6 {[%clk 0:00:20]}  Kxf6 {[%clk 0:00:38]} 40. a4 {[%clk 0:00:22]}  Nc7 {[%clk 0:00:35]} 41. Kc4 {[%clk 0:00:03]}  Ke6 {[%clk 0:00:30]} 0-1

[Event "Rapid Tournament (RAP)"]
[Site "Biel, CH"]
[Date "2025.07.13"]
[Round "5"]
[White "Dubel, Nathan"]
[Black "Berger, Vincent"]
[Result "0-1"]
[Board "35"]
[WhiteFideId "1359410"]
[BlackFideId "1317822"]
[WhiteElo "1778"]
[BlackElo "2002"]
[WhiteTeam "SUI"]
[BlackTeam "SUI"]
[WhiteClock "0:01:43"]
[BlackClock "0:02:14"]
[Variant "Standard"]

1. d4 {[%clk 0:15:09]}  g6 {[%clk 0:15:04]} 2. c4 {[%clk 0:15:08]}  Bg7 {[%clk 0:15:07]} 3. g3 {[%clk 0:15:12]}  d6 {[%clk 0:15:09]} 4. Bg2 {[%clk 0:15:08]}  Nc6 {[%clk 0:15:11]} 5. Nf3 {[%clk 0:15:11]}  e5 {[%clk 0:14:36]} 6. e3 {[%clk 0:14:49]}  f5 {[%clk 0:14:01]} 7. O-O {[%clk 0:13:21]}  Nh6 {[%clk 0:13:02]} 8. Ne1 {[%clk 0:13:40]}  O-O {[%clk 0:12:19]} 9. Nc3 {[%clk 0:12:04]}  Nf7 {[%clk 0:11:58]} 10. d5 {[%clk 0:11:50]}  Ne7 {[%clk 0:11:45]} 11. e4 {[%clk 0:10:43]}  g5 {[%clk 0:11:24]} 12. Nf3 {[%clk 0:13:16]}  f4 {[%clk 0:10:46]} 13. h3 {[%clk 0:12:42]}  Ng6 {[%clk 0:10:38]} 14. a4 {[%clk 0:12:22]}  h5 {[%clk 0:10:24]} 15. Nh2 {[%clk 0:11:58]}  fxg3 {[%clk 0:07:32]} 16. fxg3 {[%clk 0:12:01]}  h4 {[%clk 0:07:34]} 17. Qh5 {[%clk 0:10:30]}  hxg3 {[%clk 0:06:56]} 18. Nf3 {[%clk 0:10:30]}  Nf4 {[%clk 0:06:48]} 19. Bxf4 {[%clk 0:10:20]}  gxf4 {[%clk 0:06:49]} 20. Nh4 {[%clk 0:10:04]}  Qg5 {[%clk 0:06:33]} 21. Qxg5 {[%clk 0:09:10]}  Nxg5 {[%clk 0:06:36]} 22. Ng6 {[%clk 0:08:56]}  Rf7 {[%clk 0:06:20]} 23. h4 {[%clk 0:08:17]}  Nh3+ {[%clk 0:05:10]} 24. Kh1 {[%clk 0:06:22]}  Nf2+ {[%clk 0:04:31]} 25. Rxf2 {[%clk 0:05:03]}  gxf2 {[%clk 0:04:35]} 26. Rf1 {[%clk 0:05:06]}  Kh7 {[%clk 0:04:39]} 27. h5 {[%clk 0:05:10]}  Bg4 {[%clk 0:04:39]} 28. Rxf2 {[%clk 0:04:53]}  Bxh5 {[%clk 0:04:40]} 29. Nh4 {[%clk 0:04:53]}  Bg4 {[%clk 0:04:18]} 30. Bf3 {[%clk 0:04:40]}  Bd7 {[%clk 0:04:01]} 31. b4 {[%clk 0:03:24]}  Bf6 {[%clk 0:03:05]} 32. Rh2 {[%clk 0:03:11]}  Kg7 {[%clk 0:03:04]} 33. Bh5 {[%clk 0:03:02]}  Bxh4 {[%clk 0:02:23]} 34. Rg2+ {[%clk 0:02:50]}  Bg3 {[%clk 0:02:23]} 35. Bxf7 {[%clk 0:02:48]}  Kxf7 {[%clk 0:02:27]} 36. c5 {[%clk 0:02:29]}  Rh8+ {[%clk 0:02:29]} 37. Kg1 {[%clk 0:02:31]}  Bg4 {[%clk 0:02:25]} 38. Nb5 {[%clk 0:01:48]}  Bf3 {[%clk 0:02:12]} 39. Rc2 {[%clk 0:01:43]}  Rh1# {[%clk 0:02:14]} 0-1

[Event "Rapid Tournament (RAP)"]
[Site "Biel, CH"]
[Date "2025.07.13"]
[Round "5"]
[White "Ye, Zhanting K."]
[Black "Javet, Blaise"]
[Result "0-1"]
[Board "36"]
[WhiteFideId "2533235"]
[BlackFideId "1305026"]
[WhiteElo "1759"]
[BlackElo "1995"]
[WhiteTeam "IRL"]
[BlackTeam "SUI"]
[WhiteClock "0:00:06"]
[BlackClock "0:15:05"]
[Variant "Standard"]

1. e4 {[%clk 0:15:07]}  c5 {[%clk 0:15:09]} 2. Nf3 {[%clk 0:15:08]}  d6 {[%clk 0:15:12]} 3. d4 {[%clk 0:15:11]}  cxd4 {[%clk 0:15:16]} 4. Nxd4 {[%clk 0:15:14]}  Nf6 {[%clk 0:15:20]} 5. Nc3 {[%clk 0:15:17]}  a6 {[%clk 0:15:24]} 6. Bg5 {[%clk 0:15:11]}  e6 {[%clk 0:15:28]} 7. f4 {[%clk 0:15:11]}  Be7 {[%clk 0:15:29]} 8. Bd3 {[%clk 0:14:29]}  h6 {[%clk 0:15:21]} 9. Bxf6 {[%clk 0:14:12]}  Bxf6 {[%clk 0:15:25]} 10. Nf3 {[%clk 0:14:11]}  Nc6 {[%clk 0:14:46]} 11. Qd2 {[%clk 0:13:44]}  Qa5 {[%clk 0:14:19]} 12. Rb1 {[%clk 0:12:42]}  O-O {[%clk 0:10:46]} 13. O-O {[%clk 0:12:38]}  Bxc3 {[%clk 0:10:42]} 14. bxc3 {[%clk 0:12:27]}  b5 {[%clk 0:10:45]} 15. Rbd1 {[%clk 0:11:28]}  Qc7 {[%clk 0:09:57]} 16. Qf2 {[%clk 0:11:13]}  Ne7 {[%clk 0:08:47]} 17. e5 {[%clk 0:09:09]}  d5 {[%clk 0:08:29]} 18. Nd4 {[%clk 0:07:55]}  Bd7 {[%clk 0:08:26]} 19. Qg3 {[%clk 0:07:47]}  Rac8 {[%clk 0:07:44]} 20. Rf3 {[%clk 0:07:25]}  Kh8 {[%clk 0:07:38]} 21. Rdf1 {[%clk 0:07:12]}  Qxc3 {[%clk 0:07:31]} 22. Qf2 {[%clk 0:06:07]}  Qc5 {[%clk 0:07:27]} 23. Kh1 {[%clk 0:05:27]}  Nc6 {[%clk 0:07:26]} 24. c3 {[%clk 0:04:39]}  Qxc3 {[%clk 0:07:11]} 25. Nxc6 {[%clk 0:04:32]}  Qxc6 {[%clk 0:07:07]} 26. Qh4 {[%clk 0:04:12]}  Qb6 {[%clk 0:06:05]} 27. Rg3 {[%clk 0:03:22]}  Qd8 {[%clk 0:06:06]} 28. Qg4 {[%clk 0:03:02]}  Rg8 {[%clk 0:05:59]} 29. Qh5 {[%clk 0:02:37]}  Qf8 {[%clk 0:05:45]} 30. h3 {[%clk 0:02:13]}  g6 {[%clk 0:05:03]} 31. Qh4 {[%clk 0:02:13]}  Qg7 {[%clk 0:04:34]} 32. Rg4 {[%clk 0:01:57]}  Rc3 {[%clk 0:04:20]} 33. Bb1 {[%clk 0:01:50]}  d4 {[%clk 0:04:12]} 34. f5 {[%clk 0:01:31]}  exf5 {[%clk 0:04:15]} 35. Bxf5 {[%clk 0:01:32]}  Bxf5 {[%clk 0:03:31]} 36. Rxf5 {[%clk 0:01:36]}  d3 {[%clk 0:03:23]} 37. Qe7 {[%clk 0:00:37]}  Rc1+ {[%clk 0:02:12]} 38. Kh2 {[%clk 0:00:41]}  d2 {[%clk 0:02:17]} 39. Rxf7 {[%clk 0:00:20]}  d1=Q {[%clk 0:02:07]} 40. Rxg7 {[%clk 0:00:15]}  Qg1+ {[%clk 0:02:04]} 41. Kg3 {[%clk 0:00:19]}  Qe1+ {[%clk 0:01:54]} 42. Kh2 {[%clk 0:00:22]}  Rxg7 {[%clk 0:01:26]} 43. Qe8+ {[%clk 0:00:16]}  Kh7 {[%clk 0:01:30]} 44. Rxg6 {[%clk 0:00:15]}  Rxg6 {[%clk 0:01:30]} 45. Qf7+ {[%clk 0:00:17]}  Rg7 {[%clk 0:01:16]} 46. Qf5+ {[%clk 0:00:20]}  Kg8 {[%clk 0:01:16]} 47. Qe6+ {[%clk 0:00:21]}  Kf8 {[%clk 0:01:17]} 48. Qf6+ {[%clk 0:00:12]}  Rf7 {[%clk 0:01:10]} 49. Qxh6+ {[%clk 0:00:08]}  Ke7 {[%clk 0:00:56]} 50. Qd6+ {[%clk 0:00:12]}  Ke8 {[%clk 0:00:58]} 51. Qb8+ {[%clk 0:00:08]}  Kd7 {[%clk 0:00:52]} 52. Qd6+ {[%clk 0:00:11]}  Kc8 {[%clk 0:00:49]} 53. Qxa6+ {[%clk 0:00:11]}  Rb7 {[%clk 0:00:38]} 54. Qe6+ {[%clk 0:00:06]}  Kb8 {[%clk 0:00:41]} 55. Qd6+ {[%clk 0:00:07]}  Rcc7 {[%clk 0:00:39]} 56. Qf8+ {[%clk 0:00:09]}  Rc8 {[%clk 0:00:38]} 57. Qd6+ {[%clk 0:00:12]}  Ka8 {[%clk 0:00:39]} 58. Qa6+ {[%clk 0:00:14]}  Kb8 {[%clk 0:00:36]} 59. Qd6+ {[%clk 0:00:18]}  Rcc7 {[%clk 0:00:35]} 60. Qf8+ {[%clk 0:00:21]}  Ka7 {[%clk 0:00:37]} 61. Qa3+ {[%clk 0:00:25]}  Kb6 {[%clk 0:00:39]} 62. Qd6+ {[%clk 0:00:26]}  Rc6 {[%clk 0:00:41]} 63. Qd8+ {[%clk 0:00:27]}  Kc5 {[%clk 0:00:38]} 64. Qf8+ {[%clk 0:00:25]}  Kd4 {[%clk 0:00:35]} 65. Qd8+ {[%clk 0:00:09]}  Kc4 {[%clk 0:00:26]} 66. Qg8+ {[%clk 0:00:08]}  Kc5 {[%clk 0:00:18]} 67. Qf8+ {[%clk 0:00:08]}  Kb6 {[%clk 0:00:17]} 68. Qd8+ {[%clk 0:00:09]}  Rbc7 {[%clk 0:00:19]} 69. Qd4+ {[%clk 0:00:06]}  Rc5 {[%clk 0:00:22]} 70. Qd6+ {[%clk 0:00:09]}  Ka5 {[%clk 0:00:20]} 71. Qd4 {[%clk 0:00:06]}  Qxe5+ {[%clk 0:15:05]} 0-1

[Event "Rapid Tournament (RAP)"]
[Site "Biel, CH"]
[Date "2025.07.13"]
[Round "5"]
[White "Mikavica, Dragoljub"]
[Black "Villiger, Jan"]
[Result "0-1"]
[Board "37"]
[WhiteFideId "1308726"]
[BlackFideId "1340891"]
[WhiteElo "1980"]
[BlackElo "1827"]
[WhiteTeam "SUI"]
[BlackTeam "SUI"]
[WhiteClock "0:09:57"]
[BlackClock "0:10:16"]
[Variant "Standard"]

1. Nf3 {[%clk 0:15:10]}  Nf6 {[%clk 0:15:08]} 2. g3 {[%clk 0:15:14]}  g6 {[%clk 0:15:12]} 3. Bg2 {[%clk 0:15:19]}  Bg7 {[%clk 0:15:16]} 4. d4 {[%clk 0:15:23]}  d5 {[%clk 0:15:20]} 5. c4 {[%clk 0:15:26]}  c6 {[%clk 0:15:24]} 6. Nc3 {[%clk 0:15:29]}  O-O {[%clk 0:15:27]} 7. O-O {[%clk 0:15:30]}  dxc4 {[%clk 0:15:31]} 8. Ne5 {[%clk 0:15:14]}  Ng4 {[%clk 0:15:29]} 9. Nxg4 {[%clk 0:14:03]}  Bxg4 {[%clk 0:15:32]} 10. h3 {[%clk 0:14:05]}  Be6 {[%clk 0:15:36]} 11. e3 {[%clk 0:14:04]}  b5 {[%clk 0:15:21]} 12. Nxb5 {[%clk 0:13:56]}  Qb6 {[%clk 0:14:37]} 13. Nc3 {[%clk 0:13:53]}  Rd8 {[%clk 0:14:18]} 14. Na4 {[%clk 0:13:57]}  Qb5 {[%clk 0:13:48]} 15. Nc5 {[%clk 0:13:42]}  Bc8 {[%clk 0:13:48]} 16. Qc2 {[%clk 0:13:15]}  Na6 {[%clk 0:13:32]} 17. Nxa6 {[%clk 0:13:10]}  Bxa6 {[%clk 0:13:31]} 18. Re1 {[%clk 0:13:06]}  Rab8 {[%clk 0:13:33]} 19. Bf1 {[%clk 0:13:07]}  e5 {[%clk 0:13:05]} 20. b3 {[%clk 0:12:50]}  exd4 {[%clk 0:13:03]} 21. Bxc4 {[%clk 0:12:49]}  Qb6 {[%clk 0:12:40]} 22. Bxa6 {[%clk 0:12:14]}  Qxa6 {[%clk 0:13:06]} 23. exd4 {[%clk 0:11:38]}  Bxd4 {[%clk 0:12:55]} 24. Bb2 {[%clk 0:11:32]}  c5 {[%clk 0:12:37]} 25. Re7 {[%clk 0:11:01]}  Qd6 {[%clk 0:12:36]} 26. Rae1 {[%clk 0:10:52]}  Qxg3+ {[%clk 0:12:39]} 27. Kf1 {[%clk 0:10:39]}  Qxh3+ {[%clk 0:12:41]} 28. Kg1 {[%clk 0:10:42]}  Rd5 {[%clk 0:10:45]} 29. Bc1 {[%clk 0:10:02]}  Rh5 {[%clk 0:10:24]} 30. Qe4 {[%clk 0:09:57]}  Qh2+ {[%clk 0:10:16]} 0-1

[Event "Rapid Tournament (RAP)"]
[Site "Biel, CH"]
[Date "2025.07.13"]
[Round "5"]
[White "Binggeli, Christian"]
[Black "Fortier, Nicolas"]
[Result "1/2-1/2"]
[Board "38"]
[WhiteFideId "1307622"]
[BlackFideId "1308750"]
[WhiteElo "1963"]
[BlackElo "1816"]
[WhiteTeam "SUI"]
[BlackTeam "SUI"]
[WhiteClock "0:04:40"]
[BlackClock "0:07:32"]
[Variant "Standard"]

1. d4 {[%clk 0:15:07]}  d5 {[%clk 0:15:09]} 2. Bg5 {[%clk 0:15:11]}  c6 {[%clk 0:15:06]} 3. e3 {[%clk 0:15:00]}  Nd7 {[%clk 0:15:05]} 4. c4 {[%clk 0:14:50]}  Ngf6 {[%clk 0:15:02]} 5. Nc3 {[%clk 0:14:47]}  e6 {[%clk 0:14:59]} 6. Nf3 {[%clk 0:14:44]}  Be7 {[%clk 0:15:00]} 7. Bd3 {[%clk 0:14:43]}  O-O {[%clk 0:14:56]} 8. O-O {[%clk 0:14:27]}  Re8 {[%clk 0:14:37]} 9. e4 {[%clk 0:14:06]}  dxe4 {[%clk 0:14:30]} 10. Nxe4 {[%clk 0:12:10]}  Nxe4 {[%clk 0:14:24]} 11. Bxe7 {[%clk 0:12:06]}  Qxe7 {[%clk 0:14:13]} 12. Bxe4 {[%clk 0:12:08]}  Nf6 {[%clk 0:14:00]} 13. Bc2 {[%clk 0:12:00]}  b6 {[%clk 0:13:29]} 14. Qd3 {[%clk 0:11:09]}  Bb7 {[%clk 0:13:18]} 15. Rad1 {[%clk 0:10:53]}  Rad8 {[%clk 0:13:19]} 16. Qb3 {[%clk 0:10:14]}  Qc7 {[%clk 0:11:58]} 17. Qe3 {[%clk 0:08:38]}  b5 {[%clk 0:10:58]} 18. b3 {[%clk 0:08:27]}  bxc4 {[%clk 0:10:43]} 19. bxc4 {[%clk 0:08:29]}  Ba6 {[%clk 0:10:28]} 20. Ne5 {[%clk 0:08:18]}  Rb8 {[%clk 0:10:03]} 21. Qh3 {[%clk 0:07:53]}  h6 {[%clk 0:09:08]} 22. Qf3 {[%clk 0:07:08]}  c5 {[%clk 0:09:07]} 23. Ba4 {[%clk 0:06:18]}  Rf8 {[%clk 0:08:32]} 24. Nc6 {[%clk 0:05:55]}  Bxc4 {[%clk 0:07:35]} 25. Nxb8 {[%clk 0:05:11]}  Bxf1 {[%clk 0:08:11]} 26. Rxf1 {[%clk 0:05:06]}  Rxb8 {[%clk 0:08:11]} 27. dxc5 {[%clk 0:05:02]}  Qxc5 {[%clk 0:08:09]} 28. Bb3 {[%clk 0:04:54]}  a5 {[%clk 0:07:32]} 29. Qd1 {[%clk 0:04:40]} 1/2-1/2

[Event "Rapid Tournament (RAP)"]
[Site "Biel, CH"]
[Date "2025.07.13"]
[Round "5"]
[White "Yu, Tianxiang Carlos"]
[Black "Tereshchenko, Eliza"]
[Result "1-0"]
[Board "39"]
[WhiteFideId "39922723"]
[BlackFideId "34389890"]
[WhiteElo "1962"]
[BlackElo "1808"]
[WhiteTeam "USA"]
[BlackTeam "FID"]
[WhiteClock "0:00:22"]
[BlackClock "0:00:07"]
[Variant "Standard"]

1. e4 {[%clk 0:15:09]}  c5 {[%clk 0:15:08]} 2. Nc3 {[%clk 0:14:56]}  Nc6 {[%clk 0:15:05]} 3. Bb5 {[%clk 0:15:00]}  Nd4 {[%clk 0:14:16]} 4. Nf3 {[%clk 0:15:04]}  a6 {[%clk 0:13:29]} 5. Bd3 {[%clk 0:15:07]}  Ne6 {[%clk 0:13:01]} 6. O-O {[%clk 0:14:34]}  g6 {[%clk 0:13:00]} 7. Ne2 {[%clk 0:14:30]}  Bg7 {[%clk 0:12:47]} 8. c3 {[%clk 0:14:34]}  d5 {[%clk 0:12:33]} 9. exd5 {[%clk 0:13:42]}  Qxd5 {[%clk 0:12:32]} 10. Bc2 {[%clk 0:13:25]}  b5 {[%clk 0:11:46]} 11. d4 {[%clk 0:13:01]}  Bb7 {[%clk 0:11:19]} 12. dxc5 {[%clk 0:12:57]}  Qxc5 {[%clk 0:10:04]} 13. Be3 {[%clk 0:12:15]}  Qc7 {[%clk 0:09:35]} 14. Ned4 {[%clk 0:11:07]}  Nxd4 {[%clk 0:09:06]} 15. Bxd4 {[%clk 0:11:04]}  Nf6 {[%clk 0:09:06]} 16. Re1 {[%clk 0:10:24]}  O-O {[%clk 0:08:31]} 17. Qe2 {[%clk 0:09:29]}  Rfe8 {[%clk 0:06:25]} 18. Qe5 {[%clk 0:08:15]}  Qxe5 {[%clk 0:04:54]} 19. Nxe5 {[%clk 0:07:54]}  Nd5 {[%clk 0:04:41]} 20. Rad1 {[%clk 0:07:44]}  Rac8 {[%clk 0:03:12]} 21. Be4 {[%clk 0:06:34]}  f6 {[%clk 0:02:27]} 22. Nf3 {[%clk 0:06:03]}  e5 {[%clk 0:02:01]} 23. Bxe5 {[%clk 0:04:11]}  Rcd8 {[%clk 0:00:49]} 24. Bc7 {[%clk 0:02:16]}  Nxc7 {[%clk 0:00:17]} 25. Rxd8 {[%clk 0:01:42]}  Rxd8 {[%clk 0:00:17]} 26. Bxb7 {[%clk 0:01:46]}  f5 {[%clk 0:00:09]} 27. g3 {[%clk 0:01:44]}  Rb8 {[%clk 0:00:09]} 28. Bc6 {[%clk 0:01:41]}  Rb6 {[%clk 0:00:09]} 29. Bd7 {[%clk 0:00:42]}  Rd6 {[%clk 0:00:13]} 30. Bc8 {[%clk 0:00:46]}  Kf8 {[%clk 0:00:11]} 31. Bb7 {[%clk 0:00:08]}  Rb6 {[%clk 0:00:11]} 32. Bc8 {[%clk 0:00:11]}  Rd6 {[%clk 0:00:08]} 33. Ng5 {[%clk 0:00:11]}  Rd8 {[%clk 0:00:06]} 34. Ne6+ {[%clk 0:00:08]}  Nxe6 {[%clk 0:00:10]} 35. Bxe6 {[%clk 0:00:11]}  Rd2 {[%clk 0:00:13]} 36. Rb1 {[%clk 0:00:07]}  Ke7 {[%clk 0:00:16]} 37. Bb3 {[%clk 0:00:11]}  Be5 {[%clk 0:00:11]} 38. Kf1 {[%clk 0:00:15]}  Bd6 {[%clk 0:00:14]} 39. Ke1 {[%clk 0:00:18]}  Rd3 {[%clk 0:00:07]} 40. Ke2 {[%clk 0:00:22]} 1-0

[Event "Rapid Tournament (RAP)"]
[Site "Biel, CH"]
[Date "2025.07.13"]
[Round "5"]
[White "Flueckiger, Roger"]
[Black "Grzeskowiak, Antoni"]
[Result "1-0"]
[Board "40"]
[WhiteFideId "1344862"]
[BlackFideId "41855531"]
[WhiteElo "1937"]
[BlackElo "1801"]
[WhiteTeam "SUI"]
[BlackTeam "POL"]
[WhiteClock "0:15:05"]
[BlackClock "0:05:33"]
[Variant "Standard"]

1. Nf3 {[%clk 0:15:00]}  d6 {[%clk 0:15:09]} 2. d4 {[%clk 0:15:03]}  Nf6 {[%clk 0:15:12]} 3. c4 {[%clk 0:15:03]}  g6 {[%clk 0:15:14]} 4. Nc3 {[%clk 0:15:06]}  Bg7 {[%clk 0:15:18]} 5. g3 {[%clk 0:15:05]}  O-O {[%clk 0:15:14]} 6. Bg2 {[%clk 0:15:06]}  Nc6 {[%clk 0:15:08]} 7. d5 {[%clk 0:14:39]}  Na5 {[%clk 0:14:53]} 8. Qd3 {[%clk 0:14:29]}  b6 {[%clk 0:14:37]} 9. O-O {[%clk 0:12:53]}  e6 {[%clk 0:14:28]} 10. b4 {[%clk 0:12:32]}  Nb7 {[%clk 0:13:52]} 11. Nd4 {[%clk 0:12:34]}  exd5 {[%clk 0:13:38]} 12. Nxd5 {[%clk 0:12:22]}  Nxd5 {[%clk 0:13:23]} 13. Bxd5 {[%clk 0:12:07]}  c5 {[%clk 0:12:50]} 14. Nc6 {[%clk 0:11:53]}  Qe8 {[%clk 0:13:13]} 15. Bg5 {[%clk 0:11:24]}  Kh8 {[%clk 0:09:45]} 16. a3 {[%clk 0:11:02]}  Bf5 {[%clk 0:08:35]} 17. Qd2 {[%clk 0:10:19]}  Be6 {[%clk 0:04:11]} 18. e4 {[%clk 0:10:05]}  Bxd5 {[%clk 0:10:48]} 19. exd5 {[%clk 0:09:04]}  Qd7 {[%clk 0:10:27]} 20. Rae1 {[%clk 0:08:37]}  Rae8 {[%clk 0:09:30]} 21. Qf4 {[%clk 0:06:04]}  Bc3 {[%clk 0:09:00]} 22. Bf6+ {[%clk 0:05:21]}  Bxf6 {[%clk 0:06:28]} 23. Qxf6+ {[%clk 0:02:33]}  Kg8 {[%clk 0:05:40]} 24. Re7 {[%clk 0:02:15]}  Qc8 {[%clk 0:05:38]} 25. Rfe1 {[%clk 0:01:52]}  Rd8 {[%clk 0:05:33]} 26. Rxb7 {[%clk 0:15:05]} 1-0

[Event "Rapid Tournament (RAP)"]
[Site "Biel, CH"]
[Date "2025.07.13"]
[Round "5"]
[White "Kumbharathi, Vedansh"]
[Black "Bachmann, Daniel"]
[Result "1-0"]
[Board "41"]
[WhiteFideId "30998395"]
[BlackFideId "1357492"]
[WhiteElo "1931"]
[BlackElo "1798"]
[WhiteTeam "USA"]
[BlackTeam "SUI"]
[WhiteClock "0:11:22"]
[BlackClock "0:00:57"]
[Variant "Standard"]

1. e4 {[%clk 0:15:08]}  e6 {[%clk 0:15:09]} 2. d4 {[%clk 0:15:05]}  d5 {[%clk 0:15:12]} 3. exd5 {[%clk 0:15:08]}  exd5 {[%clk 0:15:17]} 4. Nf3 {[%clk 0:15:10]}  Bd6 {[%clk 0:15:20]} 5. Bd3 {[%clk 0:15:10]}  Ne7 {[%clk 0:15:24]} 6. O-O {[%clk 0:15:10]}  Bf5 {[%clk 0:15:28]} 7. Bxf5 {[%clk 0:15:09]}  Nxf5 {[%clk 0:15:30]} 8. Re1+ {[%clk 0:15:11]}  Ne7 {[%clk 0:15:31]} 9. c3 {[%clk 0:15:06]}  Nbc6 {[%clk 0:15:31]} 10. Nbd2 {[%clk 0:14:57]}  Qd7 {[%clk 0:15:32]} 11. b4 {[%clk 0:14:52]}  O-O {[%clk 0:14:18]} 12. a4 {[%clk 0:14:53]}  Ng6 {[%clk 0:13:39]} 13. Nb3 {[%clk 0:14:43]}  b6 {[%clk 0:13:33]} 14. b5 {[%clk 0:14:39]}  Nce7 {[%clk 0:13:34]} 15. Qd3 {[%clk 0:14:28]}  Nf4 {[%clk 0:12:05]} 16. Bxf4 {[%clk 0:14:29]}  Bxf4 {[%clk 0:12:07]} 17. Rad1 {[%clk 0:14:28]}  Ng6 {[%clk 0:11:57]} 18. g3 {[%clk 0:14:13]}  Bd6 {[%clk 0:11:51]} 19. Kg2 {[%clk 0:14:16]}  f5 {[%clk 0:11:42]} 20. Ne5 {[%clk 0:14:08]}  Bxe5 {[%clk 0:11:31]} 21. dxe5 {[%clk 0:14:08]}  f4 {[%clk 0:10:48]} 22. Qxd5+ {[%clk 0:14:09]}  Qxd5+ {[%clk 0:10:46]} 23. Rxd5 {[%clk 0:14:12]}  fxg3 {[%clk 0:10:28]} 24. hxg3 {[%clk 0:14:05]}  Rfd8 {[%clk 0:09:22]} 25. Rxd8+ {[%clk 0:14:09]}  Rxd8 {[%clk 0:09:25]} 26. Nd4 {[%clk 0:14:12]}  Ne7 {[%clk 0:08:55]} 27. e6 {[%clk 0:13:54]}  g6 {[%clk 0:08:36]} 28. f4 {[%clk 0:13:45]}  Kg7 {[%clk 0:07:51]} 29. Kf3 {[%clk 0:13:39]}  Kf6 {[%clk 0:07:43]} 30. g4 {[%clk 0:13:40]}  h6 {[%clk 0:07:25]} 31. Rh1 {[%clk 0:13:15]}  Kg7 {[%clk 0:07:15]} 32. g5 {[%clk 0:12:50]}  h5 {[%clk 0:07:08]} 33. Re1 {[%clk 0:12:46]}  h4 {[%clk 0:06:11]} 34. Rh1 {[%clk 0:12:41]}  Rh8 {[%clk 0:05:18]} 35. Ke4 {[%clk 0:12:15]}  h3 {[%clk 0:05:03]} 36. Rh2 {[%clk 0:12:07]}  Kf8 {[%clk 0:04:18]} 37. Ke5 {[%clk 0:12:03]}  Ke8 {[%clk 0:04:09]} 38. c4 {[%clk 0:12:04]}  Kd8 {[%clk 0:03:54]} 39. Nf3 {[%clk 0:11:44]}  Nf5 {[%clk 0:03:26]} 40. Ng1 {[%clk 0:11:44]}  Ne3 {[%clk 0:03:24]} 41. Rxh3 {[%clk 0:11:20]}  Rxh3 {[%clk 0:01:44]} 42. Nxh3 {[%clk 0:11:22]}  Nxc4+ {[%clk 0:01:46]} 43. Kf6 {[%clk 0:11:25]}  Nb2 {[%clk 0:01:36]} 44. f5 {[%clk 0:11:16]}  gxf5 {[%clk 0:01:27]} 45. g6 {[%clk 0:11:19]}  Ke8 {[%clk 0:00:57]} 46. g7 {[%clk 0:11:22]} 1-0

[Event "Rapid Tournament (RAP)"]
[Site "Biel, CH"]
[Date "2025.07.13"]
[Round "5"]
[White "Lopez, Manuel"]
[Black "Parlak, Selahattin"]
[Result "0-1"]
[Board "42"]
[WhiteFideId "1306324"]
[BlackFideId "1338625"]
[WhiteElo "1930"]
[BlackElo "1768"]
[WhiteTeam "SUI"]
[BlackTeam "SUI"]
[WhiteClock "0:04:11"]
[BlackClock "0:06:13"]
[Variant "Standard"]

1. e4 {[%clk 0:13:30]}  d5 {[%clk 0:15:08]} 2. exd5 {[%clk 0:13:23]}  Qxd5 {[%clk 0:15:11]} 3. Nc3 {[%clk 0:13:26]}  Qd8 {[%clk 0:15:15]} 4. g3 {[%clk 0:13:27]}  Nf6 {[%clk 0:15:18]} 5. Bg2 {[%clk 0:13:31]}  c6 {[%clk 0:15:15]} 6. d3 {[%clk 0:13:32]}  e5 {[%clk 0:15:19]} 7. Bd2 {[%clk 0:13:34]}  Bc5 {[%clk 0:15:13]} 8. Qe2 {[%clk 0:13:21]}  O-O {[%clk 0:15:05]} 9. O-O-O {[%clk 0:13:07]}  Bd4 {[%clk 0:14:57]} 10. Ne4 {[%clk 0:12:51]}  Nxe4 {[%clk 0:14:49]} 11. dxe4 {[%clk 0:12:42]}  Qb6 {[%clk 0:14:50]} 12. c3 {[%clk 0:12:37]}  Bxf2 {[%clk 0:14:43]} 13. Nf3 {[%clk 0:12:23]}  f6 {[%clk 0:14:06]} 14. Rhf1 {[%clk 0:11:56]}  Bc5 {[%clk 0:14:03]} 15. Qc4+ {[%clk 0:10:26]}  Kh8 {[%clk 0:13:27]} 16. Nxe5 {[%clk 0:09:36]}  fxe5 {[%clk 0:12:53]} 17. Rxf8+ {[%clk 0:09:44]}  Bxf8 {[%clk 0:12:18]} 18. Qf7 {[%clk 0:09:04]}  Nd7 {[%clk 0:11:30]} 19. Bh3 {[%clk 0:07:53]}  Qd8 {[%clk 0:09:49]} 20. Be6 {[%clk 0:07:40]}  Be7 {[%clk 0:09:02]} 21. Be3 {[%clk 0:05:21]}  Qf8 {[%clk 0:07:03]} 22. Rf1 {[%clk 0:04:11]}  Nf6 {[%clk 0:06:13]} 0-1